| Tag |
First Indicator |
Second Indicator |
Subfields |
| LEADER |
00000cam a22000008a 4500 |
| 001 |
in00000020220 |
| 005 |
20171209064620.0 |
| 008 |
870930s1987 gw a b 10110 eng c |
| 010 |
|
|
|a 87029557
|
| 020 |
|
|
|a 0895736837 (VCH Publishers)
|
| 035 |
|
|
|a (OCoLC)16873070
|
| 035 |
|
|
|9 AAB3058AM
|
| 040 |
|
|
|a DNLM/DLC
|c DLC
|d TXA
|d UtOrBLW
|
| 049 |
|
|
|a TXAM
|c [A11051582]
|
| 050 |
0 |
0 |
|a R857.B54
|b B563 1987
|
| 060 |
|
0 |
|a QT 34 B6155b 1987
|
| 082 |
0 |
|
|a 610/.28
|2 19
|
| 111 |
2 |
|
|a Biosensors International Workshop
|d (1987 :
|c Braunschweig, Germany)
|
| 245 |
1 |
0 |
|a Biosensors International Workshop 1987 /
|c edited by R.D. Schmid in collaboration with G.G. Guilbault [and others].
|
| 263 |
|
|
|a 8709
|
| 264 |
|
1 |
|a Weinheim, Federal Republic of Germany :
|b VCH ;
|c [1987]
|
| 264 |
|
2 |
|a New York, NY, USA :
|b Distribution, USA and Canada, VCH Publishers,
|
| 264 |
|
4 |
|c ©1987
|
| 300 |
|
|
|a xvii, 346 pages, 2 unnumbered pages of plates :
|b illustrations
|
| 336 |
|
|
|a text
|b txt
|2 rdacontent
|
| 337 |
|
|
|a unmediated
|b n
|2 rdamedia
|
| 338 |
|
|
|a volume
|b nc
|2 rdacarrier
|
| 490 |
1 |
|
|a GBF monographs,
|v v. 10
|
| 500 |
|
|
|a Based on the workshop held in Braunschweig, West-Germany, June 1987.
|
| 650 |
|
0 |
|a Biosensors
|v Congresses.
|
| 700 |
1 |
|
|a Schmid, Rolf D.,
|d 1942-
|
| 700 |
1 |
|
|a Guilbault, George G.
|
| 830 |
|
0 |
|a GBF monographs ;
|v v. 10.
|
| 999 |
|
|
|a MARS
|
| 999 |
f |
f |
|s 98863692-4c10-3e9f-9db4-423248bf14b6
|i 0aa28de1-b573-3d37-94c0-0c5e4ef1e8ca
|t 0
|
| 952 |
f |
f |
|p ric
|a Texas A&M University
|b Rellis Campus
|c Joint Library Facility
|d Remote Storage
|t 0
|e R857.B54 B563 1987
|h Library of Congress classification
|i unmediated -- volume
|m A14811051582
|
| 998 |
f |
f |
|a R857.B54 B563 1987
|t 0
|l Remote Storage
|